How Fast Can You Type? - Statistics

General Stats
  • This quiz has been taken 53 times
  • The average score is 34 of 36
Answer Stats
Hint Answer % Correct
a a
100%
b b
100%
c c
100%
d d
100%
e e
97%
f f
97%
g g
97%
h h
97%
1 1
95%
10 10
95%
2 2
95%
3 3
95%
4 4
95%
5 5
95%
6 6
95%
7 7
95%
8 8
95%
9 9
95%
i i
95%
j j
95%
k k
95%
l l
95%
m m
95%
n n
95%
o o
95%
p p
95%
q q
95%
r r
95%
s s
95%
t t
95%
u u
95%
v v
95%
w w
95%
x x
95%
y y
95%
z z
95%
No matching quizzes found
Score Distribution
Percent of People with Each Score
Percentile by Number Answered
Your Score History
You have not taken this quiz